000 00731nam a2200289Ia 4500
005 20260324124919.0
008 008 260324s9999 xx 000 0 eng d
020 _a9780203881606
037 _aEBOOK
040 _aCRL
040 _beng
040 _cCRL
041 _2eng
041 _aeng
084 _qCRL
100 _aBruce Elleman
_91163793
245 0 _aMoscow and the Emergence of Communist Power in China, 1925-30
245 4 _bThe Nanchang Uprising and the Birth of the Red Army
260 _bTaylor and Francis
260 _c2009
365 _a
365 _b240
856 _uhttp://www.taylorfrancis.com/books/9780203881606
942 _cEBOOK
999 _c1770782
_d1770782